| 000 | 00964nam a2200301 i 4500 | ||
|---|---|---|---|
| 003 | EG-GICUC | ||
| 005 | 20260213094717.0 | ||
| 008 | 260213s1934 fr ||||fr ||| 00| 0 fre d | ||
| 040 |
_aEG-GICUC _cEG-GICUC _dEG-GICUC _erda _bfre |
||
| 082 | 0 | 4 |
_221 _a341.1 _bAU . L |
| 092 | 0 | 4 | _221 |
| 099 | _aLaw1 REF 11 341.1 AU . L 1934 | ||
| 100 | 1 |
_aAugè,Claude _eAuteur |
|
| 245 |
_aLarousse Mensuel Illustrè . _hTome Neuvième / _cClaude Augè . |
||
| 264 | 0 |
_aParis : _bLibrairie Larousse , _c1934 . |
|
| 300 |
_a880 Pages; _c30 cm. _billustration ; |
||
| 336 |
_atext _2rda content |
||
| 337 |
_aComputer _2rda media |
||
| 338 |
_aOnline Resource _2rda carrier |
||
| 504 | _aBibliography: pages 200-250. 240-220 | ||
| 546 | _aTexte en français | ||
| 650 | 0 | 4 |
_aDroit International Public _2qrmak |
| 651 | 1 | _2qrmak | |
| 700 | 1 |
_aAugè,Paul _eAuteur |
|
| 856 | _uhttps://fll.law.cu.edu.eg/fulltext/th/B11-05283.pdf | ||
| 905 | _a59 | ||
| 942 |
_2ddc _cREF _e21 _n0 |
||
| 999 |
_c63008 _d63008 |
||